| 000 | 00452nam a22001697a 4500 | ||
|---|---|---|---|
| 005 | 20260427093611.0 | ||
| 008 | 260427b |||||||| |||| 00| 0 eng d | ||
| 020 | _a9780470185865 | ||
| 082 |
_a658.4 _bEDH |
||
| 100 | _a Edgar H. Schein | ||
| 245 | _aOrganizational Culture and Leadership | ||
| 250 | _a4th | ||
| 260 |
_a989 Market Street, San Francisco, USA _bJossey-Bass _c2010 |
||
| 300 | _a436 p. | ||
| 650 | _aManagement Science | ||
| 942 | _cBK | ||
| 999 |
_c47391 _d47391 |
||